<?xml version="1.0" encoding="UTF-8"?>
<record
    xmlns:xsi="http://www.w3.org/2001/XMLSchema-instance"
    xsi:schemaLocation="http://www.loc.gov/MARC21/slim http://www.loc.gov/standards/marcxml/schema/MARC21slim.xsd"
    xmlns="http://www.loc.gov/MARC21/slim">

  <leader>01472nam0a2200337   4500</leader>
  <controlfield tag="001">RU\NLR\BIBL_A\011459022</controlfield>
  <controlfield tag="005">20240921150845.0</controlfield>
  <datafield tag="010" ind1=" " ind2=" ">
    <subfield code="a">9785000586105</subfield>
    <subfield code="9">108</subfield>
  </datafield>
  <datafield tag="021" ind1=" " ind2=" ">
    <subfield code="a">RU</subfield>
    <subfield code="b">2017-55921</subfield>
    <subfield code="9">3978</subfield>
  </datafield>
  <datafield tag="035" ind1=" " ind2=" ">
    <subfield code="a">(RuMoRGB)008948823</subfield>
  </datafield>
  <datafield tag="035" ind1=" " ind2=" ">
    <subfield code="a">(NLR Aleph) 011459022</subfield>
  </datafield>
  <datafield tag="090" ind1=" " ind2=" ">
    <subfield code="a">11792705</subfield>
    <subfield code="c">11792705</subfield>
  </datafield>
  <datafield tag="100" ind1=" " ind2=" ">
    <subfield code="a">20170821d2017    m  y0rusy50      ca</subfield>
  </datafield>
  <datafield tag="101" ind1="0" ind2=" ">
    <subfield code="a">rus</subfield>
  </datafield>
  <datafield tag="102" ind1=" " ind2=" ">
    <subfield code="a">RU</subfield>
  </datafield>
  <datafield tag="105" ind1=" " ind2=" ">
    <subfield code="a">y   z   000ay</subfield>
  </datafield>
  <datafield tag="200" ind1="1" ind2=" ">
    <subfield code="a">&#x423;&#x43F;&#x43E;&#x440;&#x43E;&#x442;&#x430;&#x44F; &#x43A;&#x43D;&#x438;&#x433;&#x430;</subfield>
    <subfield code="e">[&#x441;&#x431;&#x43E;&#x440;&#x43D;&#x438;&#x43A; &#x440;&#x430;&#x441;&#x441;&#x43A;&#x430;&#x437;&#x43E;&#x432; &#x430;&#x432;&#x442;&#x43E;&#x440;&#x43E;&#x432; &#x41B;&#x438;&#x442;&#x41A;&#x443;&#x43B;&#x44C;&#x442;&#x430;</subfield>
    <subfield code="e">&#x43F;&#x440;&#x43E;&#x437;&#x430;</subfield>
    <subfield code="f">&#x441;&#x43E;&#x441;&#x442;&#x430;&#x432;&#x438;&#x442;&#x435;&#x43B;&#x44C; &#x441;&#x431;&#x43E;&#x440;&#x43D;&#x438;&#x43A;&#x430;: &#x42D;&#x434;&#x443;&#x430;&#x440;&#x434; &#x41C;&#x430;&#x43B;&#x44B;&#x43A;&#x438;&#x43D;]</subfield>
  </datafield>
  <datafield tag="210" ind1=" " ind2=" ">
    <subfield code="a">&#x41C;&#x43E;&#x441;&#x43A;&#x432;&#x430;</subfield>
    <subfield code="c">&#x42D;&#x434;&#x438;&#x442;&#x443;&#x441;</subfield>
    <subfield code="d">2017</subfield>
  </datafield>
  <datafield tag="215" ind1=" " ind2=" ">
    <subfield code="a">144, [1] &#x441;.</subfield>
    <subfield code="d">21</subfield>
  </datafield>
  <datafield tag="327" ind1="1" ind2=" ">
    <subfield code="a">&#x421;&#x43E;&#x434;&#x435;&#x440;&#x436;.: &#x430;&#x432;&#x442;.: &#x410;&#x43D;&#x43D;&#x430; &#x410;&#x43D;&#x441;&#x438;&#x43B;&#x435;&#x432;&#x441;&#x43A;&#x430;&#x44F;, &#x421;&#x435;&#x440;&#x433;&#x435;&#x439; &#x41F;&#x430;&#x432;&#x43B;&#x43E;&#x432;, &#x415;&#x432;&#x433;&#x435;&#x43D;&#x438;&#x44F; &#x410;&#x432;&#x441;&#x44F;&#x43D;&#x43D;&#x438;&#x43A;&#x43E;&#x432;&#x430;, &#x410;&#x43D;&#x430;&#x441;&#x442;&#x430;&#x441;&#x438;&#x44F; &#x41A;&#x430;&#x434;&#x438;&#x43D;&#x430;, &#x415;&#x43A;&#x430;&#x442;&#x435;&#x440;&#x438;&#x43D;&#x430; &#x420;&#x435;&#x434;&#x44C;&#x43A;&#x438;&#x43D;&#x430;, &#x422;&#x430;&#x442;&#x44C;&#x44F;&#x43D;&#x430; &#x412;&#x435;&#x442;&#x43A;&#x438;&#x43D;&#x430;, &#x414;&#x43C;&#x438;&#x442;&#x440;&#x438;&#x439; &#x411;&#x443;&#x448;&#x43A;&#x43E;&#x432;&#x441;&#x43A;&#x438;&#x439;, &#x41C;&#x438;&#x445;&#x430;&#x438;&#x43B; &#x412;&#x430;&#x442;&#x43E;&#x43B;&#x438;&#x43D;, &#x421;&#x442;&#x435;&#x43F;&#x430;&#x43D; &#x41E;&#x43F;&#x441;&#x43A;&#x443;&#x440;&#x43E;&#x441;, &#x412;&#x430;&#x434;&#x438;&#x43C; &#x410;&#x43B;&#x435;&#x43A;&#x441;&#x435;&#x435;&#x432; [&#x438; &#x434;&#x440;.]</subfield>
  </datafield>
  <datafield tag="333" ind1=" " ind2=" ">
    <subfield code="a">16+</subfield>
  </datafield>
  <datafield tag="686" ind1=" " ind2=" ">
    <subfield code="a">&#x428;5(2=&#x420;)64-644&#x44F;43</subfield>
    <subfield code="2">rubbk</subfield>
  </datafield>
  <datafield tag="686" ind1="2" ind2=" ">
    <subfield code="a">&#x428;6(2=&#x420;)8-440.5</subfield>
  </datafield>
  <datafield tag="702" ind1=" " ind2="1">
    <subfield code="a">&#x41C;&#x430;&#x43B;&#x44B;&#x43A;&#x438;&#x43D;</subfield>
    <subfield code="b">&#x42D;.</subfield>
    <subfield code="g">&#x42D;&#x434;&#x443;&#x430;&#x440;&#x434;</subfield>
    <subfield code="4">220</subfield>
  </datafield>
  <datafield tag="712" ind1="0" ind2="2">
    <subfield code="4">570</subfield>
    <subfield code="a">"&#x41B;&#x438;&#x442;&#x43A;&#x443;&#x43B;&#x44C;&#x442;", &#x43B;&#x438;&#x442;&#x435;&#x440;&#x430;&#x442;&#x443;&#x440;&#x43D;&#x44B;&#x439; &#x43F;&#x43E;&#x440;&#x442;&#x430;&#x43B;</subfield>
    <subfield code="9">568110</subfield>
    <subfield code="3">RU\NLR\AUTH\880452104</subfield>
  </datafield>
  <datafield tag="942" ind1=" " ind2=" ">
    <subfield code="c">BOOK</subfield>
  </datafield>
  <datafield tag="980" ind1=" " ind2=" ">
    <subfield code="a">NBR</subfield>
  </datafield>
</record>
